An Introduction to Spectroscopic Methods for the Identification of Organic Compounds
| Main Author: | |
|---|---|
| Format: | Section = Libro |
| Language: | Undetermined Spanish |
| Published: |
Great Britain
Pergamons Press
1974
|
| Subjects: |
| LEADER | 00634nam a2200217Ia 4500 | ||
|---|---|---|---|
| 008 | 240830s9999 xx 000 0 und d | ||
| 020 | |a 0-08-016720-9 | ||
| 040 | |a CEDOC FIQ-RUSB / 547 S319 v.2 | ||
| 041 | |a spa | ||
| 082 | |a 547 S319 v.2 | ||
| 100 | 1 | |a Scheinmann, F | |
| 245 | 1 | 3 | |a An Introduction to Spectroscopic Methods for the Identification of Organic Compounds |
| 260 | |a Great Britain |b Pergamons Press |c 1974 | ||
| 300 | |a 354 p. :il. | ||
| 650 | 7 | |a QUÍMICA ORGÁNICA | |
| 650 | 7 | |b DESTILACIÓN | |
| 650 | 7 | |c DESTILACIÓN FRACCIONADA | |
| 650 | 7 | |d BROMURO DE BUTILO | |
| 942 | |c BK |2 ddc | ||
| 991 | |a TEXTO | ||
| 999 | |c 14008 | ||